<?xml version="1.0" encoding="UTF-8"?>
<record
    xmlns:xsi="http://www.w3.org/2001/XMLSchema-instance"
    xsi:schemaLocation="http://www.loc.gov/MARC21/slim http://www.loc.gov/standards/marcxml/schema/MARC21slim.xsd"
    xmlns="http://www.loc.gov/MARC21/slim">

  <leader>02917njm a2200529Ia 4500</leader>
  <controlfield tag="001">24202</controlfield>
  <controlfield tag="003">IT-RoPAU</controlfield>
  <controlfield tag="005">20220918181209.0</controlfield>
  <controlfield tag="008">131025s9999    xx            000 0 und d</controlfield>
  <datafield tag="040" ind1=" " ind2=" ">
    <subfield code="a">IT-RoPAU</subfield>
  </datafield>
  <datafield tag="040" ind1=" " ind2=" ">
    <subfield code="c">IT-RoPAU</subfield>
  </datafield>
  <datafield tag="999" ind1=" " ind2=" ">
    <subfield code="c">103663</subfield>
    <subfield code="d">103663</subfield>
  </datafield>
  <datafield tag="999" ind1=" " ind2=" ">
    <subfield code="b">n.d.</subfield>
  </datafield>
  <datafield tag="100" ind1=" " ind2=" ">
    <subfield code="a">AA.VV.</subfield>
    <subfield code="9">794</subfield>
  </datafield>
  <datafield tag="100" ind1=" " ind2=" ">
    <subfield code="e">Autore musica</subfield>
    <subfield code="9">9547</subfield>
  </datafield>
  <datafield tag="100" ind1=" " ind2=" ">
    <subfield code="g">Codice autore musica SPICS: 12000</subfield>
    <subfield code="9">796</subfield>
  </datafield>
  <datafield tag="245" ind1=" " ind2=" ">
    <subfield code="a">Paul Mauriat e la sua orchestra</subfield>
  </datafield>
  <datafield tag="250" ind1=" " ind2=" ">
    <subfield code="a">1a ed.</subfield>
  </datafield>
  <datafield tag="260" ind1=" " ind2=" ">
    <subfield code="a">ITALIA</subfield>
  </datafield>
  <datafield tag="260" ind1=" " ind2=" ">
    <subfield code="b">PHILIPS</subfield>
  </datafield>
  <datafield tag="300" ind1=" " ind2=" ">
    <subfield code="a">DISCO</subfield>
  </datafield>
  <datafield tag="300" ind1=" " ind2=" ">
    <subfield code="c">28 minuti (Testo:  pag.)</subfield>
  </datafield>
  <datafield tag="500" ind1=" " ind2=" ">
    <subfield code="a">Musica strumentale.</subfield>
  </datafield>
  <datafield tag="505" ind1=" " ind2=" ">
    <subfield code="a">Love Is Blue (3:00) - A Taste of Honey (3:00) - Michelle (3:00) - Capri c'est fini (3:00) - Little Drummer Boy (2:00) - Il silenzio  (3:00) - My Love (3:00) - N'avoue jamais (3:00) - Long Live Love (2:00) - Merci cherie (3:00) - I Know a Place (3:00) - Girl (3:00)</subfield>
  </datafield>
  <datafield tag="511" ind1=" " ind2=" ">
    <subfield code="a">Paul Mauriat e la sua Orchestra</subfield>
  </datafield>
  <datafield tag="650" ind1=" " ind2=" ">
    <subfield code="a">STRUMENTALE [DISCHI]</subfield>
    <subfield code="e">Codice MATERIA SPICS: 9950</subfield>
    <subfield code="9">828</subfield>
  </datafield>
  <datafield tag="700" ind1=" " ind2=" ">
    <subfield code="a">Mauriat Paul</subfield>
    <subfield code="g">Codice interprete SPICS: 8082</subfield>
    <subfield code="9">9548</subfield>
    <subfield code="e">Interprete</subfield>
  </datafield>
  <datafield tag="700" ind1=" " ind2=" ">
    <subfield code="a">Popp A.</subfield>
    <subfield code="g">Codice autore musica SPICS: 14432</subfield>
    <subfield code="e">Autore musica</subfield>
    <subfield code="p">Love Is Blue</subfield>
    <subfield code="9">9549</subfield>
  </datafield>
  <datafield tag="700" ind1=" " ind2=" ">
    <subfield code="a">Cour Pierre</subfield>
    <subfield code="g">Codice autore SPICS: 14433</subfield>
    <subfield code="e">Autore</subfield>
    <subfield code="p">Love Is Blue</subfield>
    <subfield code="9">9550</subfield>
  </datafield>
  <datafield tag="700" ind1=" " ind2=" ">
    <subfield code="a">Scott B.</subfield>
    <subfield code="g">Codice autore musica SPICS: 15525</subfield>
    <subfield code="e">Autore musica</subfield>
    <subfield code="p">A Taste of Honey</subfield>
    <subfield code="9">9551</subfield>
  </datafield>
  <datafield tag="700" ind1=" " ind2=" ">
    <subfield code="a">Marlow R.</subfield>
    <subfield code="g">Codice autore SPICS: 15526</subfield>
    <subfield code="e">Autore musica</subfield>
    <subfield code="p">A Taste of Honey</subfield>
    <subfield code="9">9552</subfield>
  </datafield>
  <datafield tag="700" ind1=" " ind2=" ">
    <subfield code="a">Lennon John</subfield>
    <subfield code="g">Codice autore musica SPICS: 13133</subfield>
    <subfield code="e">Autore musica</subfield>
    <subfield code="p">Michelle - Girl</subfield>
    <subfield code="9">9553</subfield>
  </datafield>
  <datafield tag="700" ind1=" " ind2=" ">
    <subfield code="a">McCartney Paul</subfield>
    <subfield code="g">Codice autore musica SPICS:  8084</subfield>
    <subfield code="e">Autore musica</subfield>
    <subfield code="p">Michelle - Girl</subfield>
    <subfield code="9">9554</subfield>
  </datafield>
  <datafield tag="700" ind1=" " ind2=" ">
    <subfield code="a">Villard H.</subfield>
    <subfield code="g">Codice autore musica SPICS: 14439</subfield>
    <subfield code="e">Autore musica</subfield>
    <subfield code="p">Capri c'est fini</subfield>
    <subfield code="9">9555</subfield>
  </datafield>
  <datafield tag="700" ind1=" " ind2=" ">
    <subfield code="a">Simeone M.</subfield>
    <subfield code="g">Codice autore musica SPICS: 15527</subfield>
    <subfield code="e">Autore musica</subfield>
    <subfield code="p">Little Drummer Boy</subfield>
    <subfield code="9">9556</subfield>
  </datafield>
  <datafield tag="700" ind1=" " ind2=" ">
    <subfield code="a">Onorati H.</subfield>
    <subfield code="g">Codice autore SPICS: 15528</subfield>
    <subfield code="e">Autore</subfield>
    <subfield code="p">Little Drummer Boy</subfield>
    <subfield code="9">9557</subfield>
  </datafield>
  <datafield tag="700" ind1=" " ind2=" ">
    <subfield code="a">Rosso Nini</subfield>
    <subfield code="g">Codice autore musica SPICS: 8171</subfield>
    <subfield code="e">Autore musica</subfield>
    <subfield code="p">Il silenzio</subfield>
    <subfield code="9">9558</subfield>
  </datafield>
  <datafield tag="700" ind1=" " ind2=" ">
    <subfield code="a">Celeste Bernadette</subfield>
    <subfield code="g">Codice autore SPICS: 15529</subfield>
    <subfield code="e">Autore</subfield>
    <subfield code="p">Il silenzio</subfield>
    <subfield code="9">9559</subfield>
  </datafield>
  <datafield tag="700" ind1=" " ind2=" ">
    <subfield code="a">Brezza G.</subfield>
    <subfield code="g">Codice autore testo/musica SPICS: 23293</subfield>
    <subfield code="e">Autore testo/musica</subfield>
    <subfield code="p">Il silenzio</subfield>
    <subfield code="9">9560</subfield>
  </datafield>
  <datafield tag="700" ind1=" " ind2=" ">
    <subfield code="a">Hatch Tony</subfield>
    <subfield code="g">Codice autore musica SPICS: 15530</subfield>
    <subfield code="e">Autore musica</subfield>
    <subfield code="p">My Love</subfield>
    <subfield code="9">9561</subfield>
  </datafield>
  <datafield tag="700" ind1=" " ind2=" ">
    <subfield code="a">Mardel G.</subfield>
    <subfield code="g">Codice autore musica SPICS: 15531</subfield>
    <subfield code="e">Autore musica</subfield>
    <subfield code="p">N'avoue jamais</subfield>
    <subfield code="9">9562</subfield>
  </datafield>
  <datafield tag="700" ind1=" " ind2=" ">
    <subfield code="a">Dorin Francoise</subfield>
    <subfield code="g">Codice autore SPICS: 15532</subfield>
    <subfield code="e">Autore</subfield>
    <subfield code="p">N'avoue jamais</subfield>
    <subfield code="9">9563</subfield>
  </datafield>
  <datafield tag="700" ind1=" " ind2=" ">
    <subfield code="a">Andrews Chris</subfield>
    <subfield code="g">Codice autore musica SPICS: 15533</subfield>
    <subfield code="e">Autore musica</subfield>
    <subfield code="p">Long Live Love</subfield>
    <subfield code="9">9564</subfield>
  </datafield>
  <datafield tag="700" ind1=" " ind2=" ">
    <subfield code="a">Jurgens Udo</subfield>
    <subfield code="g">Codice autore musica SPICS: 14052</subfield>
    <subfield code="e">Autore musica</subfield>
    <subfield code="p">Merci cherie</subfield>
    <subfield code="9">9565</subfield>
  </datafield>
  <datafield tag="700" ind1=" " ind2=" ">
    <subfield code="a">Horbiger  T.</subfield>
    <subfield code="g">Codice autore SPICS: 15534</subfield>
    <subfield code="e">Autore musica</subfield>
    <subfield code="p">Merci cherie</subfield>
    <subfield code="9">9566</subfield>
  </datafield>
  <datafield tag="700" ind1=" " ind2=" ">
    <subfield code="a">Hatch Tony</subfield>
    <subfield code="g">Codice autore musica SPICS: 15530</subfield>
    <subfield code="e">Autore musica</subfield>
    <subfield code="p">I Know a Place</subfield>
    <subfield code="9">9567</subfield>
  </datafield>
  <datafield tag="942" ind1=" " ind2=" ">
    <subfield code="c">MD</subfield>
    <subfield code="2">ddc</subfield>
  </datafield>
  <datafield tag="952" ind1=" " ind2=" ">
    <subfield code="0">0</subfield>
    <subfield code="1">0</subfield>
    <subfield code="4">0</subfield>
    <subfield code="6">24202_000000000000000</subfield>
    <subfield code="7">1</subfield>
    <subfield code="a">SPICS</subfield>
    <subfield code="b">SPICS</subfield>
    <subfield code="d">2013-10-25</subfield>
    <subfield code="l">0</subfield>
    <subfield code="o">24202</subfield>
    <subfield code="r">2013-10-25 00:00:00</subfield>
    <subfield code="w">2013-10-25</subfield>
    <subfield code="y">MD</subfield>
    <subfield code="z">Progr. Ins.: 5049 / N.Vol.: 1 / Copie: 1 - Copia rara: n.d. / date import: 01.01.2014 - By Epidotti, Trombetti, Vaglietti</subfield>
  </datafield>
</record>
